000 00371nam a2200157Ia 4500
008 100122s9999 xx 000 0 und d
082 _b36548
_a822
100 _aLYNN J
245 _aYES MINISTER PART III
260 _bB.B.C BOOKS
_c1905
300 _a175
630 _aYES MINISTER PART III
700 _aJAY A
730 _aYES MINISTER PART III
942 _cBOOK
999 _c371486
_d371483